[Event "Titled Tuesday intern op 12th Sep Early"]
[Site "Chess.com INT"]
[Date "2023.09.12"]
[Round "9"]
[White "Causo, Deniel"]
[Black "Malyi, Viacheslav"]
[Result "1-0"]
[WhiteElo "2224"]
[BlackElo "2391"]
[PlyCount "123"]
[EventDate "2023.09.12"]
[EventType "swiss (blitz)"]
[EventRounds "11"]
[EventCountry "USA"]
[SourceTitle "EXT 2024"]
[Source "ChessBase"]
[SourceDate "2023.10.10"]
[SourceVersion "1"]
[SourceVersionDate "2023.10.10"]
[SourceQuality "1"]

1. e4 e5 2. Nf3 Nc6 3. Bc4 Bc5 4. c3 Nf6 5. d4 exd4 6. cxd4 Bb4+ 7. Nc3 Nxe4 8. 0-0 Bxc3 9. d5 Bf6 10. Re1 Ne7 11. Rxe4 d6 12. Bg5 Bxg5 13. Nxg5 h6 14. Qe2 hxg5 15. Re1 Be6 16. dxe6 f6 17. Bd3 c6 18. Rb4 Qc7 19. h3 a5 20. Rb3 a4 21. Rc3 Ra5 22. Qc2 Rh4 23. g3 Rxh3 24. Kg2 Rh6 25. Rh1 Rxh1 26. Kxh1 Nd5 27. Rc4 Ke7 28. Be2 Rc5 29. Qg6 Kd8 30. Rxa4 Nb6 31. Bh5 Qe7 32. Rb4 Rb5 33. Rxb5 cxb5 34. Qe4 d5 35. Qe3 Kc7 36. Bg4 Nc4 37. Qd4 Ne5 38. Bh3 g4 39. Bg2 Qxe6 40. Bxd5 Qd6 41. b3 b6 42. Qc3+ Qc5 43. Qd2 b4 44. Kg2 Qc3 45. Qf4 Qd3 46. Be4 Qd4 47. Qf5 Kd6 48. Bb7 Ke7 49. Qc8 Qd6 50. Qg8 Qd7 51. Qxg7+ Kd6 52. Qxf6+ Qe6 53. Qxe6+ Kxe6 54. f4 gxf3+ 55. Bxf3 Nd3 56. Be2 Nc1 57. Bc4+ Ke5 58. Kf3 Nxa2 59. Kg4 Nc3 60. Kh5 b5 61. Bg8 Ne4 62. Kh4 1-0

[Event "Titled Tuesday intern op 12th Sep Early"]
[Site "Chess.com INT"]
[Date "2023.09.12"]
[Round "6"]
[White "Malyi, Viacheslav"]
[Black "Baghdasaryan, Vahe"]
[Result "1-0"]
[WhiteElo "2391"]
[BlackElo "2259"]
[PlyCount "97"]
[EventDate "2023.09.12"]
[EventType "swiss (blitz)"]
[EventRounds "11"]
[EventCountry "USA"]
[SourceTitle "EXT 2024"]
[Source "ChessBase"]
[SourceDate "2023.10.10"]
[SourceVersion "1"]
[SourceVersionDate "2023.10.10"]
[SourceQuality "1"]

1. e4 e5 2. Nf3 Nc6 3. Bb5 a6 4. Ba4 Nf6 5. 0-0 Be7 6. Re1 b5 7. Bb3 0-0 8. c3 d5 9. exd5 Nxd5 10. Nxe5 Nxe5 11. Rxe5 c6 12. d4 Bd6 13. Re1 Qh4 14. g3 Qh3 15. Qf3 Bg4 16. Qg2 Qh5 17. Nd2 Rae8 18. Rf1 Bh3 19. Qf3 Qxf3 20. Nxf3 Bxf1 21. Kxf1 f6 22. a4 Ra8 23. Ke2 Rfe8+ 24. Kd3 g5 25. Be3 Kg7 26. Nd2 Nxe3 27. fxe3 f5 28. e4 fxe4+ 29. Nxe4 Be7 30. Be6 Red8 31. Rf1 Rf8 32. Rxf8 Rxf8 33. Bd7 bxa4 34. Bxc6 a3 35. bxa3 Bxa3 36. c4 Be7 37. c5 a5 38. d5 Rc8 39. Kc4 Rb8 40. d6 Bf6 41. Kd5 Kf7 42. Ba4 Rb4 43. Nxf6 Kxf6 44. c6 Rxa4 45. c7 Ra1 46. c8Q Rd1+ 47. Ke4 Re1+ 48. Kf3 g4+ 49. Kf2 1-0

[Event "Titled Tuesday intern op 11th Jul Early"]
[Site "Chess.com INT"]
[Date "2023.07.11"]
[Round "6"]
[White "Llanos, Guillermo"]
[Black "Malyi, Viacheslav"]
[Result "1-0"]
[WhiteElo "2288"]
[BlackElo "2391"]
[PlyCount "47"]
[EventDate "2023.07.11"]
[EventType "swiss (blitz)"]
[EventRounds "11"]
[EventCountry "USA"]
[SourceTitle "EXT 2024"]
[Source "ChessBase"]
[SourceDate "2023.10.10"]
[SourceVersion "1"]
[SourceVersionDate "2023.10.10"]
[SourceQuality "1"]

1. c4 Nf6 2. Nc3 g6 3. e4 d6 4. g3 Bg7 5. Bg2 0-0 6. Nge2 c5 7. d4 cxd4 8. Nxd4 Nc6 9. Nc2 Be6 10. b3 Rc8 11. 0-0 a6 12. Bd2 Qd7 13. Re1 Rfd8 14. Ne3 Ne5 15. f4 Neg4 16. Bf3 Nxe3 17. Bxe3 Bg4 18. Rc1 Bxf3 19. Qxf3 Ng4 20. Bd2 Bd4+ 21. Kg2 e5 22. Nd5 Qe6 23. f5 gxf5 24. exf5 1-0

[Event "Titled Tuesday intern op 11th Jul Early"]
[Site "Chess.com INT"]
[Date "2023.07.11"]
[Round "10"]
[White "Rian, Kapriaga"]
[Black "Malyi, Viacheslav"]
[Result "1/2-1/2"]
[WhiteElo "2089"]
[BlackElo "2391"]
[PlyCount "135"]
[EventDate "2023.07.11"]
[EventType "swiss (blitz)"]
[EventRounds "11"]
[EventCountry "USA"]
[SourceTitle "EXT 2024"]
[Source "ChessBase"]
[SourceDate "2023.10.10"]
[SourceVersion "1"]
[SourceVersionDate "2023.10.10"]
[SourceQuality "1"]

1. Nf3 Nf6 2. b3 d6 3. Bb2 e5 4. e3 Nc6 5. d4 exd4 6. Nxd4 Nxd4 7. Qxd4 Be7 8. Nd2 0-0 9. Bd3 c6 10. c4 Re8 11. 0-0 Qa5 12. Rfd1 Bf8 13. Qh4 Be7 14. Bxf6 Bxf6 15. Qxh7+ Kf8 16. Rac1 Qxa2 17. Ne4 Qb2 18. Nxd6 Rd8 19. Bf5 Bxf5 20. Nxf5 g6 21. Qh6+ Bg7 22. Nxg7 Qxg7 23. Qg5 f6 24. Qf4 Qe7 25. h4 Kg7 26. h5 gxh5 27. g3 Qe5 28. Qf3 a5 29. Kg2 Kg6 30. Rh1 Rd2 31. Rh4 a4 32. bxa4 Rxa4 33. Rch1 Raa2 34. Rf1 Rac2 35. g4 hxg4 36. Rxg4+ Kf7 37. Rg3 Rxc4 38. Rh1 Qe4 39. Rh7+ Ke6 40. Rxb7 Qxf3+ 41. Rxf3 Rcc2 42. Rb6 Re2 43. Kg3 Red2 44. Rf4 Re2 45. Rf3 Red2 46. Rf4 Rd5 47. Kf3 Rf5 48. Rxf5 Kxf5 49. Ra6 Ke5 50. Kg3 f5 51. Ra4 c5 52. Ra8 Rc1 53. Re8+ Kf6 54. Rf8+ Ke6 55. Rc8 Kf7 56. Kf4 Ke6 57. Rc6+ Kd5 58. Rc8 Rf1 59. f3 c4 60. Rd8+ Kc5 61. Rf8 c3 62. Rxf5+ Kd6 63. Rf6+ Kd7 64. Rf7+ Kd8 65. Rf8+ Kd7 66. Rf7+ Kd6 67. Rf6+ Kd7 68. Rf7+ 1/2-1/2

[Event "Titled Tuesday intern op 11th Jul Early"]
[Site "Chess.com INT"]
[Date "2023.07.11"]
[Round "11"]
[White "Seletsky, Grigory"]
[Black "Malyi, Viacheslav"]
[Result "1-0"]
[WhiteElo "2224"]
[BlackElo "2391"]
[PlyCount "87"]
[EventDate "2023.07.11"]
[EventType "swiss (blitz)"]
[EventRounds "11"]
[EventCountry "USA"]
[SourceTitle "EXT 2024"]
[Source "ChessBase"]
[SourceDate "2023.10.10"]
[SourceVersion "1"]
[SourceVersionDate "2023.10.10"]
[SourceQuality "1"]

1. a3 e5 2. c4 Nf6 3. d3 a5 4. Nc3 Nc6 5. Bg5 Bc5 6. Nf3 h6 7. Bh4 d6 8. e3 Ba7 9. Be2 Be6 10. 0-0 Qd7 11. d4 exd4 12. exd4 d5 13. Bxf6 gxf6 14. c5 Ke7 15. Re1 Rag8 16. Qa4 h5 17. b4 axb4 18. axb4 Bb8 19. b5 Nd8 20. c6 bxc6 21. Qb4+ Qd6 22. Qb3 c5 23. Qxd5 Bxd5 24. Nxd5+ Kf8 25. Bc4 Kg7 26. Nh4 Qd7 27. Re7 Qg4 28. Ne3 Qg5 29. Nhf5+ Kg6 30. h4 Qf4 31. g3 Qf3 32. Bd5 Qe2 33. dxc5 Ne6 34. Be4 Nxc5 35. Bc2 Re8 36. Rxe8 Rxe8 37. Nd4+ Qxc2 38. Nexc2 Nd3 39. Kg2 Ne5 40. Ra8 Rc8 41. Nb4 c5 42. bxc6 Rd8 43. Nb5 Bc7 44. Nxc7 1-0

[Event "Titled Tuesday intern op 13th Jun Early"]
[Site "Chess.com INT"]
[Date "2023.06.13"]
[Round "8"]
[White "Korol, Dimitry"]
[Black "Malyi, Viacheslav"]
[Result "0-1"]
[WhiteElo "2287"]
[BlackElo "2391"]
[PlyCount "64"]
[EventDate "2023.06.13"]
[EventType "swiss (blitz)"]
[EventRounds "11"]
[EventCountry "USA"]
[SourceTitle "EXT 2024"]
[Source "ChessBase"]
[SourceDate "2023.10.10"]
[SourceVersion "1"]
[SourceVersionDate "2023.10.10"]
[SourceQuality "1"]

1. d4 Nf6 2. c4 g6 3. Nc3 d6 4. e4 Bg7 5. Nf3 0-0 6. Be2 e5 7. dxe5 dxe5 8. Qxd8 Rxd8 9. Bg5 Nbd7 10. 0-0-0 Rf8 11. Ne1 Nc5 12. f3 c6 13. Nc2 Ne6 14. Be3 Nh5 15. Rd2 Nhf4 16. Bf1 f5 17. Kb1 b6 18. g3 Nh5 19. Be2 f4 20. Bf2 fxg3 21. hxg3 Nd4 22. g4 Nxe2 23. Rxe2 Nf4 24. Re3 Be6 25. b3 Rad8 26. Bh4 Rd2 27. Rd1 Rxd1+ 28. Nxd1 Ng2 29. Be7 Nxe3 30. Ndxe3 Re8 31. Bd6 Rd8 32. c5 b5 0-1

[Event "Titled Tuesday intern op 13th Jun Early"]
[Site "Chess.com INT"]
[Date "2023.06.13"]
[Round "4"]
[White "Malyi, Viacheslav"]
[Black "Pakleza, Zbigniew"]
[Result "1/2-1/2"]
[WhiteElo "2391"]
[BlackElo "2494"]
[PlyCount "126"]
[EventDate "2023.06.13"]
[EventType "swiss (blitz)"]
[EventRounds "11"]
[EventCountry "USA"]
[SourceTitle "EXT 2024"]
[Source "ChessBase"]
[SourceDate "2023.10.10"]
[SourceVersion "1"]
[SourceVersionDate "2023.10.10"]
[SourceQuality "1"]

1. e4 d6 2. d4 Nf6 3. Nc3 c6 4. Nf3 Bg4 5. h3 Bh5 6. Be2 e6 7. 0-0 d5 8. e5 Nfd7 9. Nh2 Bg6 10. Be3 c5 11. f4 Nc6 12. Nf3 Be7 13. Qd2 0-0 14. Na4 cxd4 15. Nxd4 Rc8 16. Bd3 Bxd3 17. cxd3 Nc5 18. Nxc5 Bxc5 19. Nxc6 Rxc6 20. Bxc5 Rxc5 21. Rfc1 Qb6 22. Rxc5 Qxc5+ 23. d4 Qb6 24. Rc1 h6 25. Kh2 f6 26. Rc5 fxe5 27. fxe5 Qd8 28. Qe1 Rf4 29. Qc1 Qg5 30. Rc8+ Kh7 31. Qc2+ Qf5 32. Qxf5+ exf5 33. e6 Re4 34. Rd8 Rxe6 35. Rxd5 Kg6 36. Rd7 Rb6 37. b3 Kf6 38. Kg3 g5 39. Kf3 Ke6 40. Rh7 Kd5 41. Rd7+ Ke6 42. Rh7 Kd5 43. Rd7+ Kc6 44. Rh7 Kb5 45. Ke3 a5 46. Kd3 Kb4 47. Rc7 Ka3 48. Rc2 Rd6 49. g3 b6 50. Ke3 h5 51. Kd3 h4 52. gxh4 gxh4 53. Ke3 Rg6 54. d5 Rg3+ 55. Kf4 Rxh3 56. Rd2 Rg3 57. d6 Rg8 58. Kxf5 h3 59. Ke6 Rg6+ 60. Ke7 Rg7+ 61. Ke6 Rg6+ 62. Ke7 Rg7+ 63. Ke6 Rg6+ 1/2-1/2

[Event "Titled Tuesday intern op 06th Jun Early"]
[Site "Chess.com INT"]
[Date "2023.06.06"]
[Round "10"]
[White "Malyi, Viacheslav"]
[Black "Goutham Krishna, H."]
[Result "0-1"]
[WhiteElo "2391"]
[BlackElo "2082"]
[PlyCount "50"]
[EventDate "2023.06.06"]
[EventType "swiss (blitz)"]
[EventRounds "11"]
[EventCountry "USA"]
[SourceTitle "EXT 2024"]
[Source "ChessBase"]
[SourceDate "2023.10.10"]
[SourceVersion "1"]
[SourceVersionDate "2023.10.10"]
[SourceQuality "1"]

1. e4 c5 2. Nf3 d6 3. d4 cxd4 4. Nxd4 Nf6 5. Nc3 a6 6. Bg5 e6 7. f4 Be7 8. Qf3 Qc7 9. 0-0-0 Nbd7 10. Bd3 b5 11. e5 Bb7 12. Qh3 dxe5 13. Nxe6 fxe6 14. Qxe6 Nc5 15. Qh3 Nxd3+ 16. Rxd3 e4 17. Rd2 b4 18. Na4 0-0 19. Qe6+ Kh8 20. Nb6 Rae8 21. Nd7 e3 22. Rd3 e2 23. Re1 Nxd7 24. Rxd7 Bxg5 25. fxg5 Qf4+ 0-1

[Event "Titled Tuesday intern op 06th Jun Early"]
[Site "Chess.com INT"]
[Date "2023.06.06"]
[Round "9"]
[White "Malyi, Viacheslav"]
[Black "Valle Luis, Leo"]
[Result "1-0"]
[WhiteElo "2391"]
[BlackElo "2354"]
[PlyCount "123"]
[EventDate "2023.06.06"]
[EventType "swiss (blitz)"]
[EventRounds "11"]
[EventCountry "USA"]
[SourceTitle "EXT 2024"]
[Source "ChessBase"]
[SourceDate "2023.10.10"]
[SourceVersion "1"]
[SourceVersionDate "2023.10.10"]
[SourceQuality "1"]

1. e4 c6 2. d4 d5 3. Nc3 dxe4 4. Nxe4 Nf6 5. Nxf6+ exf6 6. Nf3 Bd6 7. Bd3 0-0 8. 0-0 Re8 9. Re1 Nd7 10. Rxe8+ Qxe8 11. Qe2 Qxe2 12. Bxe2 Nf8 13. c4 Be6 14. Bd2 Rd8 15. Bc3 Bc7 16. Rd1 Ng6 17. g3 Ne7 18. Kg2 Nf5 19. b3 Nd6 20. Bd3 Bf5 21. Bxf5 Nxf5 22. Re1 h5 23. h3 g6 24. g4 hxg4 25. hxg4 Nh6 26. Re7 Bd6 27. Rxb7 Nxg4 28. Rxa7 Re8 29. Kf1 Re4 30. Ra6 Rf4 31. Kg2 Re4 32. Rxc6 Bf4 33. Kf1 Bc1 34. a4 Rf4 35. Kg2 Re4 36. a5 Re2 37. Be1 Ne3+ 38. Kg1 Nf5 39. a6 Ra2 40. b4 Bb2 41. b5 Bxd4 42. Nxd4 Nxd4 43. Rc7 Nf3+ 44. Kf1 Ra1 45. a7 Kg7 46. b6 g5 47. b7 g4 48. Ke2 Rxe1+ 49. Kd3 Rd1+ 50. Kc2 Rd2+ 51. Kc1 Rxf2 52. b8Q Rf1+ 53. Kb2 Rf2+ 54. Ka3 Ng5 55. a8Q g3 56. Rc8 g2 57. Rg8+ Kh6 58. Rxg5 fxg5 59. Qg3 Rd2 60. Qaxg2 Rxg2 61. Qxg2 f5 62. c5 1-0

[Event "Titled Tuesday intern op 7th Mar Early"]
[Site "Chess.com INT"]
[Date "2023.03.07"]
[Round "7"]
[White "Malyi, Viacheslav"]
[Black "Buscar, Michael"]
[Result "1-0"]
[WhiteElo "2391"]
[BlackElo "2041"]
[PlyCount "105"]
[EventDate "2023.03.07"]
[EventType "swiss (blitz)"]
[EventRounds "11"]
[EventCountry "USA"]
[SourceTitle "EXT 2024"]
[Source "ChessBase"]
[SourceDate "2023.10.10"]
[SourceVersion "1"]
[SourceVersionDate "2023.10.10"]
[SourceQuality "1"]

1. e4 c5 2. Nf3 Nc6 3. d4 cxd4 4. Nxd4 Nf6 5. Nc3 e5 6. Ndb5 h6 7. Nd5 Nxd5 8. exd5 a6 9. dxc6 axb5 10. cxd7+ Bxd7 11. Bd3 Qc7 12. Qe2 Be7 13. 0-0 b4 14. f4 Ra5 15. f5 Bg5 16. Be4 Bb5 17. Bd3 Bxd3 18. Qxd3 0-0 19. Bxg5 hxg5 20. f6 Qb6+ 21. Kh1 gxf6 22. Rf5 Rd8 23. Qf3 Rd6 24. h4 gxh4 25. Rf1 Ra6 26. Qh5 Kf8 27. Rxe5 Re6 28. Rd5 Ke7 29. Rfd1 Qc7 30. Rd7+ Qxd7 31. Rxd7+ Kxd7 32. Qb5+ Kc7 33. Qxb4 Rad6 34. Qxh4 Re7 35. Qc4+ Rc6 36. Qb4 Rd7 37. Qf4+ Kb6 38. c4 Re6 39. Qf2+ Kc7 40. Qc5+ Rc6 41. Qa5+ Kb8 42. b3 Rdc7 43. Qf5 Re6 44. a4 Rec6 45. a5 Ka7 46. Qf2+ Kb8 47. Qd4 Rc8 48. Qd7 R8c7 49. Qd4 Rc8 50. b4 Rxc4 51. Qxf6 Rxb4 52. Qd6+ Ka7 53. Qxb4 1-0

[Event "Titled Tuesday intern op 7th Mar Early"]
[Site "Chess.com INT"]
[Date "2023.03.07"]
[Round "4"]
[White "Malyi, Viacheslav"]
[Black "Narayanan, Srinath"]
[Result "0-1"]
[WhiteElo "2391"]
[BlackElo "2559"]
[PlyCount "78"]
[EventDate "2023.03.07"]
[EventType "swiss (blitz)"]
[EventRounds "11"]
[EventCountry "USA"]
[SourceTitle "EXT 2024"]
[Source "ChessBase"]
[SourceDate "2023.10.10"]
[SourceVersion "1"]
[SourceVersionDate "2023.10.10"]
[SourceQuality "1"]

1. e4 c6 2. d4 d5 3. Nc3 dxe4 4. Nxe4 Nf6 5. Nxf6+ exf6 6. Nf3 Bd6 7. Bd3 0-0 8. 0-0 Bg4 9. h3 Bh5 10. Bf5 Bg6 11. Qd3 Na6 12. c3 Re8 13. Nh4 Qa5 14. Bd2 Rad8 15. c4 Bb4 16. Bc3 Bxc3 17. bxc3 Nc5 18. Qc2 Ne4 19. Bxg6 hxg6 20. Nf3 Qxc3 21. Qa4 a6 22. Rac1 Qd3 23. Rfd1 Qe2 24. Rf1 Nd2 25. Nxd2 Qxd2 26. Rfd1 Qf4 27. Qb3 Re2 28. Rf1 Rxf2 29. Rxf2 Qxc1+ 30. Rf1 Qd2 31. Qxb7 Qxd4+ 32. Kh1 Qxc4 33. Re1 c5 34. Qe7 Rf8 35. Qd7 Qxa2 36. Re8 Rxe8 37. Qxe8+ Kh7 38. Qe4 Qa1+ 39. Kh2 Qe5+ 0-1

[Event "Titled Tuesday intern op 21st Feb Early"]
[Site "Chess.com INT"]
[Date "2023.02.21"]
[Round "8"]
[White "Malyi, Viacheslav"]
[Black "Bas Mas, Jose Joaquin"]
[Result "1/2-1/2"]
[WhiteElo "2391"]
[BlackElo "2236"]
[PlyCount "108"]
[EventDate "2023.02.21"]
[EventType "swiss (blitz)"]
[EventRounds "11"]
[EventCountry "USA"]
[SourceTitle "CBM 212 Extra"]
[Source "ChessBase"]
[SourceDate "2023.03.31"]
[SourceVersion "1"]
[SourceVersionDate "2023.03.31"]
[SourceQuality "1"]

1. e4 e6 2. d4 d5 3. Nc3 Nf6 4. Bg5 dxe4 5. Nxe4 Be7 6. Bxf6 gxf6 7. Nf3 f5 8. Nc3 a6 9. d5 Bf6 10. dxe6 fxe6 11. Qxd8+ Kxd8 12. 0-0-0+ Ke7 13. Bc4 b5 14. Be2 Rg8 15. g3 Bb7 16. Rhe1 Nd7 17. Nd4 Bxd4 18. Rxd4 c5 19. Rdd1 Rad8 20. Bf1 Rg6 21. Ne2 e5 22. Nf4 Rd6 23. Nd3 Kf6 24. b3 Bf3 25. Be2 Bxe2 26. Rxe2 e4 27. Nf4 Rxd1+ 28. Kxd1 Ne5+ 29. Kc1 c4 30. Kb2 a5 31. a3 Nf3 32. h4 cxb3 33. cxb3 Rd1 34. h5 Kg5 35. Rc2 Nd4 36. Rc7 Rd2+ 37. Kc1 Nxb3+ 38. Kb1 Rxf2 39. Rxh7 e3 40. Rg7+ Kh6 41. Rg6+ Kh7 42. Re6 Nd2+ 43. Kc1 Ne4 44. Re7+ Kg8 45. h6 Rf1+ 46. Kb2 Rh1 47. Rg7+ Kf8 48. Ng6+ Ke8 49. h7 e2 50. Nh4 Rb1+ 51. Kc2 Rc1+ 52. Kb2 Rb1+ 53. Kc2 Rc1+ 54. Kb2 Rb1+ 1/2-1/2

[Event "Titled Tuesday intern op 21st Feb Early"]
[Site "Chess.com INT"]
[Date "2023.02.21"]
[Round "5"]
[White "Malyi, Viacheslav"]
[Black "Cherniaiev, Tykhon"]
[Result "0-1"]
[WhiteElo "2391"]
[BlackElo "2330"]
[PlyCount "96"]
[EventDate "2023.02.21"]
[EventType "swiss (blitz)"]
[EventRounds "11"]
[EventCountry "USA"]
[SourceTitle "CBM 212 Extra"]
[Source "ChessBase"]
[SourceDate "2023.03.31"]
[SourceVersion "1"]
[SourceVersionDate "2023.03.31"]
[SourceQuality "1"]

1. e4 e5 2. Nf3 Nc6 3. Bb5 Nge7 4. 0-0 Ng6 5. c3 a6 6. Ba4 Be7 7. d4 b5 8. Bb3 0-0 9. Nxe5 Ncxe5 10. dxe5 Nxe5 11. f4 Ng6 12. Nd2 Bb7 13. Qh5 d5 14. e5 d4 15. Nf3 dxc3 16. bxc3 Bc5+ 17. Kh1 Qd3 18. Bb2 Nxf4 19. Qh4 Nxg2 20. Kxg2 Qe2+ 21. Kg3 Qxb2 22. Rab1 Qxc3 23. Rbc1 Qe3 24. Rce1 Qh6 25. Ng5 Qxh4+ 26. Kxh4 Be7 27. Kg4 Bc8+ 28. Kf4 Bxg5+ 29. Kxg5 Be6 30. Rc1 Bxb3 31. axb3 Rae8 32. Kf5 Re7 33. Rc5 Rfe8 34. Rfc1 Re6 35. h4 g6+ 36. Kf4 h5 37. Rd1 R8e7 38. Rd8+ Kg7 39. Rc8 f6 40. R8xc7 fxe5+ 41. Ke4 Rxc7 42. Rxc7+ Kf6 43. b4 Rd6 44. Ra7 Rd4+ 45. Ke3 Rxh4 46. Rxa6+ Kf5 47. Ra8 Rxb4 48. Rf8+ Kg5 0-1

[Event "Titled Tuesday intern op 21st Feb Early"]
[Site "Chess.com INT"]
[Date "2023.02.21"]
[Round "10"]
[White "Malyi, Viacheslav"]
[Black "Gallasch, Jonas"]
[Result "1-0"]
[WhiteElo "2391"]
[BlackElo "2290"]
[PlyCount "119"]
[EventDate "2023.02.21"]
[EventType "swiss (blitz)"]
[EventRounds "11"]
[EventCountry "USA"]
[SourceTitle "CBM 212 Extra"]
[Source "ChessBase"]
[SourceDate "2023.03.31"]
[SourceVersion "1"]
[SourceVersionDate "2023.03.31"]
[SourceQuality "1"]

1. e4 c5 2. Nf3 Nc6 3. d4 cxd4 4. Nxd4 Nf6 5. Nc3 e5 6. Ndb5 d6 7. Nd5 Nxd5 8. exd5 Ne7 9. c3 Ng6 10. Qa4 Bd7 11. Qb4 Bf5 12. Qc4 Rc8 13. Qa4 Bd7 14. Qxa7 Be7 15. Be3 0-0 16. Qb6 Qxb6 17. Bxb6 Nf4 18. 0-0-0 Bf5 19. g3 Ng6 20. Bd3 Bxd3 21. Rxd3 f5 22. Kb1 e4 23. Rdd1 Ne5 24. Nd4 Nc4 25. Ba7 Ra8 26. Ne6 Rxa7 27. Nxf8 Kxf8 28. Rd4 Nb6 29. f3 exf3 30. Rf1 g6 31. Rxf3 Nd7 32. Rb4 Bf6 33. Rb5 Be5 34. b3 Ke7 35. a4 Nc5 36. Kc2 Kf6 37. a5 g5 38. b4 Ne4 39. Rb6 f4 40. g4 Kg6 41. h3 Nf6 42. c4 Ne4 43. c5 Kf7 44. c6 bxc6 45. dxc6 d5 46. a6 Bc7 47. Rb7 Rxb7 48. cxb7 Bb8 49. b5 Nd6 50. b6 Nb5 51. a7 Nxa7 52. bxa7 Bxa7 53. Rb3 f3 54. Rxf3+ Ke6 55. Rf5 Bb8 56. Kd3 h6 57. Rf8 Bc7 58. b8Q Bxb8 59. Rxb8 Ke5 60. Rh8 1-0

[Event "Titled Tuesday intern op 21st Feb Early"]
[Site "Chess.com INT"]
[Date "2023.02.21"]
[Round "2"]
[White "Malyi, Viacheslav"]
[Black "Liu, Casper Yukun"]
[Result "1-0"]
[WhiteElo "2391"]
[BlackElo "2240"]
[PlyCount "67"]
[EventDate "2023.02.21"]
[EventType "swiss (blitz)"]
[EventRounds "11"]
[EventCountry "USA"]
[SourceTitle "CBM 212 Extra"]
[Source "ChessBase"]
[SourceDate "2023.03.31"]
[SourceVersion "1"]
[SourceVersionDate "2023.03.31"]
[SourceQuality "1"]

1. e4 c5 2. Nf3 d6 3. d4 cxd4 4. Nxd4 Nf6 5. Nc3 Nc6 6. Rg1 e5 7. Nb3 Be6 8. g4 d5 9. exd5 Nxd5 10. Nxd5 Qxd5 11. Qxd5 Bxd5 12. Be3 0-0-0 13. 0-0-0 Be7 14. Be2 Rd7 15. g5 Kb8 16. Bg4 Rdd8 17. h4 Nb4 18. a3 Nxc2 19. Kxc2 Rc8+ 20. Bxc8 Rxc8+ 21. Nc5 Bxc5 22. Rxd5 Bxe3+ 23. Kb3 Bxf2 24. Rf1 Bxh4 25. Rxf7 Bxg5 26. Rdd7 Re8 27. Rxb7+ Kc8 28. Rxa7 Kb8 29. Rfb7+ Kc8 30. Rxg7 Kb8 31. Rgb7+ Kc8 32. Rxh7 Kb8 33. Rhb7+ Kc8 34. Ra8+ 1-0

[Event "Titled Tuesday intern op 17th Jan Early"]
[Site "Chess.com INT"]
[Date "2023.01.17"]
[Round "2"]
[White "Malyi, Viacheslav"]
[Black "Topalov, Aleksandar"]
[Result "1-0"]
[WhiteElo "2391"]
[BlackElo "2233"]
[PlyCount "69"]
[EventDate "2023.01.17"]
[EventType "swiss (blitz)"]
[EventRounds "11"]
[EventCountry "USA"]
[SourceTitle "CBM 212 Extra"]
[Source "ChessBase"]
[SourceDate "2023.03.31"]
[SourceVersion "1"]
[SourceVersionDate "2023.03.31"]
[SourceQuality "1"]

1. e4 e6 2. d4 d5 3. Nc3 Bb4 4. e5 Qd7 5. a3 Bxc3+ 6. bxc3 b6 7. Nf3 Ba6 8. Bd3 Bxd3 9. Qxd3 Ne7 10. 0-0 0-0 11. a4 Nbc6 12. Ng5 Ng6 13. h4 f5 14. exf6 Rxf6 15. h5 Nf8 16. Ba3 e5 17. f3 h6 18. Bxf8 hxg5 19. Ba3 Raf8 20. Rae1 exd4 21. Bxf8 Rxf8 22. cxd4 g4 23. fxg4 Rxf1+ 24. Rxf1 Qxg4 25. c3 Qxh5 26. Qg3 Qe2 27. Qxc7 Qe3+ 28. Kh1 Qxc3 29. Qf7+ Kh7 30. Qh5+ Kg8 31. Qxd5+ Kh7 32. Qh5+ Kg8 33. Qe8+ Kh7 34. Rf3 Qe1+ 35. Qxe1 1-0

[Event "Titled Tuesday intern op 22nd Nov Early"]
[Site "Chess.com INT"]
[Date "2022.11.22"]
[Round "2"]
[White "Malyi, Viacheslav"]
[Black "Babazada, Khazar Araz"]
[Result "1/2-1/2"]
[WhiteElo "2391"]
[BlackElo "2470"]
[PlyCount "130"]
[EventDate "2022.11.22"]
[EventType "swiss (blitz)"]
[EventRounds "11"]
[EventCountry "USA"]
[SourceTitle "CBM 211 Extra"]
[Source "ChessBase"]
[SourceDate "2023.01.31"]
[SourceVersion "1"]
[SourceVersionDate "2023.01.31"]
[SourceQuality "1"]

1. e4 e6 2. d4 d5 3. Nc3 Nf6 4. Bg5 dxe4 5. Nxe4 Nbd7 6. Nf3 Be7 7. Bxf6 Nxf6 8. Nxf6+ Bxf6 9. Bd3 0-0 10. 0-0 c5 11. c3 cxd4 12. Nxd4 Bxd4 13. cxd4 Bd7 14. Be4 Qb6 15. d5 Rfd8 16. Qf3 e5 17. b3 Qd6 18. Rac1 g6 19. g4 Rac8 20. g5 Kg7 21. Qe3 b6 22. Rxc8 Rxc8 23. Rc1 Rxc1+ 24. Qxc1 Qb4 25. Qe3 Qd4 26. Qxd4 exd4 27. Kf1 Bb5+ 28. Ke1 Kf8 29. Kd2 Ke7 30. Bd3 Bd7 31. Be4 Kd6 32. Kd3 Ke5 33. a4 Bh3 34. f4+ Kxf4 35. Kxd4 Kxg5 36. Ke5 f5 37. Bf3 f4 38. d6 Bd7 39. Bd5 Kg4 40. Be6+ Bxe6 41. Kxe6 f3 42. d7 f2 43. d8Q f1Q 44. Qc7 Qf5+ 45. Ke7 Qe4+ 46. Kd8 Qd5+ 47. Kc8 Qxb3 48. Qxa7 Qg8+ 49. Kb7 Kh3 50. Qxb6 Kxh2 51. a5 g5 52. a6 Qd5+ 53. Qc6 Qb3+ 54. Qb6 Qf3+ 55. Kb8 g4 56. a7 Qf8+ 57. Kb7 Qf3+ 58. Qc6 Qb3+ 59. Kc8 Qg8+ 60. Kb7 Qb3+ 61. Kc7 Qf7+ 62. Qd7 Qc4+ 63. Qc6 Qf7+ 64. Qd7 Qc4+ 65. Qc6 Qf7+ 1/2-1/2

[Event "Titled Tuesday intern op 22nd Nov Early"]
[Site "Chess.com INT"]
[Date "2022.11.22"]
[Round "4"]
[White "Malyi, Viacheslav"]
[Black "Kuznetsov, Mikhail V"]
[Result "0-1"]
[WhiteElo "2391"]
[BlackElo "2246"]
[PlyCount "108"]
[EventDate "2022.11.22"]
[EventType "swiss (blitz)"]
[EventRounds "11"]
[EventCountry "USA"]
[SourceTitle "CBM 211 Extra"]
[Source "ChessBase"]
[SourceDate "2023.01.31"]
[SourceVersion "1"]
[SourceVersionDate "2023.01.31"]
[SourceQuality "1"]

1. e4 c6 2. d4 d5 3. Nc3 a6 4. Nf3 Bg4 5. h3 Bh5 6. Bd3 e6 7. 0-0 Nf6 8. Re1 Be7 9. a3 Bg6 10. Bf4 0-0 11. Bh2 Nbd7 12. Qe2 b5 13. Rad1 Nb6 14. Ne5 Rc8 15. Nxg6 hxg6 16. e5 Nfd7 17. Nb1 c5 18. c3 Nb8 19. Nd2 Nc6 20. Nf3 Nc4 21. Bf4 Qb6 22. h4 cxd4 23. cxd4 Nxd4 24. Nxd4 Qxd4 25. Bc1 Qxh4 26. g3 Qh5 27. f3 Qh3 28. Qf2 Bc5 29. Be3 Bxe3 30. Rxe3 Nxe3 31. Qxe3 Qxg3+ 32. Kf1 g5 33. Ke2 Qg2+ 34. Ke1 g6 35. Bf1 Qg3+ 36. Ke2 Rc2+ 37. Kd3 Rfc8 38. Be2 Qh4 39. f4 Qxf4 40. Qxf4 gxf4 41. a4 b4 42. Bf1 Rxb2 43. Kd4 a5 44. Bb5 Rc3 45. Rf1 g5 46. Rd1 g4 47. Bd3 g3 48. Bb5 g2 49. Bd3 f3 50. Bb5 f2 51. Bd3 g1Q 52. Rf1 Qxf1 53. Bxf1 Rd2+ 54. Bd3 Rdxd3# 0-1